[Event "Wch U08"]
[Site "Batumi"]
[Date "2016.10.26"]
[Round "7"]
[White "Pashikyan, Rudolf"]
[Black "Wielgus, Wojciech"]
[Result "1/2-1/2"]
[WhiteElo "1485"]
[BlackElo "1306"]
[PlyCount "71"]
[EventDate "2016.10.19"]
[EventType "swiss"]
[EventRounds "11"]
[EventCountry "GEO"]
[SourceTitle "CBM 175 Extra"]
[Source "ChessBase"]
[SourceDate "2016.12.12"]
[SourceVersion "1"]
[SourceVersionDate "2016.12.12"]
[SourceQuality "1"]

1. e4 c5 2. Nf3 d6 3. c3 Nf6 4. Be2 Nc6 5. d3 g6 6. 0-0 Bg7 7. Re1 0-0 8. Bf1 a6 9. d4 cxd4 10. cxd4 d5 11. e5 Nd7 12. Nc3 e6 13. Bg5 Qb6 14. Qd2 Re8 15. Rad1 Qa7 16. Bh6 b5 17. Bxg7 Kxg7 18. a3 Bb7 19. h4 Rec8 20. Nh2 h5 21. Re3 Nb6 22. Rf3 Nc4 23. Qf4 Rc7 24. Qf6+ Kh7 25. Bxc4 bxc4 26. Rf4 Bc8 27. g4 Bb7 28. gxh5 gxh5 29. Kh1 Rg8 30. Nf3 Rg6 31. Rg1 Rxf6 32. Rxf6 Re7 33. Ng5+ Kh8 34. Nh3 Kh7 35. Ng5+ Kh8 36. Nh3 1/2-1/2

[Event "Wch U08"]
[Site "Batumi"]
[Date "2016.10.24"]
[Round "6"]
[White "Ider, Bayar"]
[Black "Pashikyan, Rudolf"]
[Result "0-1"]
[WhiteElo "1278"]
[BlackElo "1485"]
[PlyCount "22"]
[EventDate "2016.10.19"]
[EventType "swiss"]
[EventRounds "11"]
[EventCountry "GEO"]
[SourceTitle "CBM 175 Extra"]
[Source "ChessBase"]
[SourceDate "2016.12.12"]
[SourceVersion "1"]
[SourceVersionDate "2016.12.12"]
[SourceQuality "1"]

1. d4 d5 2. c4 e6 3. cxd5 exd5 4. Nc3 Nf6 5. Nf3 c6 6. Bg5 Be7 7. e3 0-0 8. Bd3 Nbd7 9. 0-0 h6 10. Bf4 Nh5 11. Be5 Ndf6 0-1

[Event "EU-ch U08 26th"]
[Site "Prague"]
[Date "2016.08.26"]
[Round "8"]
[White "Pashikyan, Rudolf"]
[Black "Abasov, Yusif"]
[Result "1-0"]
[WhiteElo "1465"]
[BlackElo "1398"]
[PlyCount "83"]
[EventDate "2016.08.18"]
[EventType "swiss"]
[EventRounds "9"]
[EventCountry "CZE"]
[SourceTitle "CBM 174 Extra"]
[Source "ChessBase"]
[SourceDate "2016.10.10"]
[SourceVersion "1"]
[SourceVersionDate "2016.10.10"]
[SourceQuality "1"]

1. e4 c5 2. Nf3 d6 3. c3 Nf6 4. Be2 Nc6 5. d3 Bd7 6. 0-0 g6 7. Be3 Bg7 8. h3 0-0 9. Nbd2 a6 10. d4 cxd4 11. cxd4 Ne8 12. Nb1 b5 13. a3 Nc7 14. Nc3 Rb8 15. Rc1 e5 16. Rc2 Qc8 17. Nd5 exd4 18. Rxc6 Qd8 19. Rxc7 dxe3 20. fxe3 Re8 21. Ng5 Qxg5 22. Rxd7 Rf8 23. Qb3 Rbd8 24. Ne7+ Kh8 25. Rxf7 Qg3 26. Rxd8 Rxd8 27. Rf3 Qg5 28. Nd5 Rc8 29. Nc3 Qh4 30. Qd1 Be5 31. Qf1 Bg7 32. Qf2 Qxf2+ 33. Kxf2 Bxc3 34. bxc3 Kg7 35. e5 dxe5 36. e4 Rc7 37. Ke1 Kh6 38. h4 Rc6 39. Kd2 Rd6+ 40. Rd3 Rf6 41. Rd5 Rf2 42. g4 1-0